| 000 | 01176nam a2200277 4500 | ||
|---|---|---|---|
| 001 | 144481 | ||
| 003 | ES-MaACL | ||
| 005 | 20230906201028.0 | ||
| 007 | t| | ||
| 008 | 070214m19741975sp r ||||1| spa d | ||
| 245 | 0 | 0 |
_aSituación actual y perspectivas de desarrollo de Aragón / _cdirector, José Manuel Raposo Santos. |
| 260 |
_aMadrid : _bConfederación Española de Cajas de Ahorro, _c1974-75. |
||
| 300 |
_a4 v. ; _c25 cm. |
||
| 490 | 1 |
_aEstudios de desarrollo regional ; _v5 |
|
| 500 | _aContiene: I . Infraestructuras y recursos ----- II . Análisis de los sectores productivos ----- III . Análisis sociológico ------ IV . Panorama regional y líneas de actuación futura. | ||
| 700 | 1 |
_aRaposo Santos, José Manuel. _995466 |
|
| 710 | 2 |
_aConfederación Española de Cajas de Ahorros. _93148 |
|
| 740 | 0 | _aInfraestructuras y recursos. | |
| 740 | 0 | _aAnálisis de los sectores productivos. | |
| 740 | 0 | _aAnálisis sociológico. | |
| 740 | 0 | _aPanorama regional y líneas de actuación futura. | |
| 830 | 0 |
_aEstudios de desarrollo regional ; _v5 _9187342 |
|
| 852 |
_aES-MaACL _jC-21813-16 |
||
| 852 |
_aES-MaACL _jL-11389-92 |
||
| 999 |
_c144481 _d144481 |
||